An Inspector Calls - J.B. Priestly (Characters) - Statistics

General Stats
  • This quiz has been taken 408 times
  • The average score is 7 of 10
Answer Stats
Description Character % Correct
The son of above. Eric Birling
92%
Was fired from Milwards. Eva Smith / Daisy Renton
89%
The sister of above. Sheila Birling
89%
The father of the household. Arthur Birling
88%
Engaged to above. Gerald Croft
87%
Interrogates the family. Inspector Goole
82%
The wife of above. Sybil Birling
82%
The maid. Edna
78%
Harassed above in the bar. Alderman Joe Meggarty
33%
Father of above. Sir George Croft
26%
No matching quizzes found
Score Distribution
Percent of People with Each Score
Percentile by Number Answered
Your Score History
You have not taken this quiz